[Event "Titled Tue 20th May Late"]
[Site "chess.com INT"]
[Date "2025.05.20"]
[Round "2"]
[White "Shton, Roman"]
[Black "Grodotzki, Kenneth"]
[Result "0-1"]
[BlackTitle "CM"]
[WhiteElo "2081"]
[BlackElo "1984"]
[WhiteFideId "14137461"]
[BlackFideId "4648560"]
[EventDate "2025.05.20"]

1. d4 f5 2. e4 fxe4 3. Nc3 Nf6 4. Bg5 Nc6 5. d5 Ne5 6. Qd4 Nf7 7. h4 g6 8. f3
exf3 9. Nxf3 Bg7 10. O-O-O O-O 11. Bc4 Nd6 12. Bd3 Nfe4 13. Qb4 Nxc3 14. bxc3 a5
15. Qg4 Nf5 16. h5 d6 17. hxg6 hxg6 18. Qh3 Qe8 19. Bd2 Qa4 20. Qh7+ Kf7 21.
Ng5+ Kf6 22. Bxf5 Bxf5 23. Ne4+ Qxe4 24. Qh4+ Qxh4 25. Rxh4 g5 26. Ra4 b5 27.
Rd4 Kg6 28. Be3 Bxd4 29. Bxd4 b4 30. Rg1 g4 31. Re1 Rf7 32. c4 a4 33. c5 b3 34.
cxb3 axb3 35. axb3 Ra2 36. Bb2 Rh7 37. cxd6 exd6 38. g3 Ra5 39. Bc3 Rxd5 40. Kb2
Rh2+ 41. Ka3 Rd3 42. Kb4 Rxg3 43. Re8 Rgg2 44. Rg8+ Kf7 45. Rg7+ Ke6 46. Rxc7
Be4 47. Rc8 Bd5 48. Re8+ Kd7 49. Rb8 Rh3 50. Rf8 Ke6 51. Rf1 Rgg3 52. Re1+ Kd7
53. Bd4 Rxb3+ 54. Ka4 Bc6+ 55. Ka5 Rb5+ 56. Ka6 Ra3# 0-1

[Event "Titled Tue 20th May Late"]
[Site "chess.com INT"]
[Date "2025.05.20"]
[Round "2"]
[White "Arabidze, Meri"]
[Black "Sarana, Alexey"]
[Result "0-1"]
[WhiteTitle "IM"]
[BlackTitle "GM"]
[WhiteElo "2440"]
[BlackElo "2686"]
[WhiteFideId "13604040"]
[BlackFideId "24133795"]
[EventDate "2025.05.20"]

1. d4 Nf6 2. c4 e6 3. Nf3 d5 4. Nc3 Nbd7 5. Bg5 h6 6. Bh4 c6 7. e3 g5 8. Bg3 Nh5
9. Be5 Nxe5 10. Nxe5 Nf6 11. h4 Rg8 12. hxg5 hxg5 13. Qc2 Bd6 14. O-O-O Qe7 15.
Kb1 Bd7 16. f3 O-O-O 17. Ka1 Kb8 18. Be2 Rdf8 19. g4 Be8 20. Qb3 Bxe5 21. dxe5
Nd7 22. cxd5 exd5 23. f4 f6 24. exf6 Nxf6 25. f5 Qxe3 26. Rhe1 Qb6 27. Qa3 Bd7
28. Qd6+ Qc7 29. Qc5 Re8 30. a3 Qg3 31. Rg1 Qe5 32. Rh1 b6 33. Qf2 c5 34. Bf3 d4
35. Nb1 Qf4 36. Qg2 Re3 37. Nd2 Rge8 38. Rh6 Ng8 39. Rh7 Bc8 40. Ba8 R3e7 41.
Rxe7 Rxe7 42. Nc4 Nf6 43. Rh1 Qxg4 44. Qc6 Qxf5 45. Qd6+ Rc7 46. Nxb6 Ne8 47.
Qd8 axb6 48. Qxe8 Kxa8 49. Rh8 Kb7 50. Qa4 Qf1+ 51. Ka2 Be6+ 0-1

[Event "Titled Tue 20th May Late"]
[Site "chess.com INT"]
[Date "2025.05.20"]
[Round "2"]
[White "Ilkhomi, Jaloliddin"]
[Black "Hariharan, Shambavi"]
[Result "1-0"]
[WhiteTitle "FM"]
[BlackTitle "WCM"]
[WhiteElo "2272"]
[BlackElo "1892"]
[WhiteFideId "14700948"]
[BlackFideId "488160"]
[EventDate "2025.05.20"]

1. d4 d5 2. Bf4 Nf6 3. e3 e6 4. Nf3 c5 5. c3 Nc6 6. Nbd2 Qb6 7. Rb1 Be7 8. Bd3
c4 9. Bc2 Nh5 10. Be5 Nxe5 11. Nxe5 Nf6 12. f4 Bd7 13. O-O Qc7 14. Ndf3 b5 15.
Ng5 O-O 16. Qf3 h6 17. Nh3 a5 18. g4 Bc6 19. g5 hxg5 20. Nxg5 Ne4 21. Nxe4 dxe4
22. Bxe4 Bxe4 23. Qxe4 f5 24. Qg2 Bf6 25. Kh1 Bxe5 26. fxe5 Rab8 27. Rg1 b4 28.
Rbf1 bxc3 29. bxc3 Rb7 30. e4 fxe4 31. Rxf8+ Kxf8 32. Qxe4 Kg8 33. h3 Qb8 34.
Qg6 Qc8 35. Rg2 Qc6 36. Kh2 Qd7 37. Rf2 Rb8 38. h4 Rf8 39. Rxf8+ Kxf8 40. Kg3
Qc6 41. Qg4 Kg8 42. h5 Kh8 43. Qf3 Qc7 44. Qf8+ Kh7 45. Qe8 Qb7 46. Qxe6 Qh1 47.
Qf5+ Kh8 48. e6 Qg1+ 49. Kf4 Qf2+ 50. Ke5 Qg3+ 51. Kd5 Qg2+ 52. Kc5 Qb7 53. Qf8+
Kh7 54. Qd6 Qc8+ 55. Kd5 Qb7+ 56. Kxc4 Qc8+ 57. Kd3 Qa6+ 58. Qxa6 1-0

[Event "Titled Tue 20th May Late"]
[Site "chess.com INT"]
[Date "2025.05.20"]
[Round "2"]
[White "Zavortink, Matt"]
[Black "Andrade, Ivan"]
[Result "1-0"]
[BlackTitle "FM"]
[WhiteElo "2135"]
[BlackElo "2161"]
[WhiteFideId "2034263"]
[BlackFideId "14800039"]
[EventDate "2025.05.20"]

1. e4 c5 2. Nf3 d6 3. d4 cxd4 4. Nxd4 Nf6 5. Nc3 a6 6. Bg5 e6 7. f4 Be7 8. Qf3
Qc7 9. O-O-O Nbd7 10. g4 b5 11. Bxf6 Nxf6 12. g5 Nd7 13. f5 Ne5 14. Qh5 g6 15.
fxg6 fxg6 16. Qh6 b4 17. Nce2 Bf8 18. Qh3 Qe7 19. Rg1 Bg7 20. Nf4 O-O 21. Nfxe6
Re8 22. Nxg7 Bxh3 23. Nxe8 Bxf1 24. Nf6+ Kh8 25. Rdxf1 Rc8 26. Rg3 Qa7 27. Rh3
Rc7 28. Ne6 Rf7 29. Rd1 Qb6 30. Nf4 h5 31. N4d5 Qa7 32. Rg3 Qb7 33. Rg2 Qa7 34.
Re2 Qb7 35. Kb1 Qc6 36. Rg2 Qc4 37. Rf2 Qc6 38. Rdf1 a5 39. Re1 Qd7 40. Ref1 Qb7
41. Re1 a4 42. Ref1 b3 43. cxb3 axb3 44. a3 Nd3 45. Rd2 Ne5 46. Rc1 Qa6 47. Rd4
Nc6 48. Rdc4 Ne5 49. Rc8+ Rf8 50. Rxf8+ Kg7 51. Rg8+ Kf7 52. Rc7+ Ke6 53. Re8# 1-0

[Event "Titled Tue 20th May Late"]
[Site "chess.com INT"]
[Date "2025.05.20"]
[Round "2"]
[White "Barrientos, Ernesto"]
[Black "Mafra, Kaiser Luiz"]
[Result "1-0"]
[WhiteTitle "CM"]
[BlackTitle "CM"]
[WhiteElo "2027"]
[BlackElo "2094"]
[WhiteFideId "3701247"]
[BlackFideId "2106698"]
[EventDate "2025.05.20"]

1. e4 c5 2. Nf3 d6 3. d4 cxd4 4. Nxd4 Nf6 5. Nc3 a6 6. h3 e5 7. Nde2 Be6 8. g4
h6 9. Bg2 Be7 10. Be3 Nbd7 11. Ng3 Rc8 12. Nf5 Bxf5 13. gxf5 b5 14. a3 Nb6 15.
Rg1 Bf8 16. Bf1 Nc4 17. Bxc4 Rxc4 18. Qd3 Qc7 19. Rd1 Qc6 20. f3 a5 21. Rg2 b4
22. axb4 axb4 23. Nd5 Nxd5 24. Qxd5 Qxd5 25. Rxd5 Be7 26. Kd2 Bf8 27. Rb5 Kd7
28. b3 Rc7 29. Rxb4 Ke7 30. Rb8 Kf6 31. h4 g6 32. Re8 gxf5 33. b4 f4 34. Bf2 Bg7
35. Rxh8 Bxh8 36. Rg8 Bg7 37. Rb8 Rd7 38. c4 Ke6 39. b5 Bf6 40. b6 Bd8 41. Kc3
f5 42. b7 fxe4 43. Rxd8 Rxd8 44. Ba7 exf3 45. Kd2 e4 46. b8=Q Rxb8 47. Bxb8 e3+
48. Kd3 f2 49. Ke2 f3+ 50. Kf1 Ke5 51. c5 Kd4 52. cxd6 Kd3 53. Ba7 Kd2 54. Bxe3+
Kxe3 55. d7 1-0

[Event "Titled Tue 20th May Late"]
[Site "chess.com INT"]
[Date "2025.05.20"]
[Round "2"]
[White "Martinez Pla, Xavier"]
[Black "Dubnevych, Maksym"]
[Result "0-1"]
[WhiteTitle "FM"]
[BlackTitle "FM"]
[WhiteElo "2282"]
[BlackElo "2292"]
[WhiteFideId "32074271"]
[BlackFideId "14184001"]
[EventDate "2025.05.20"]

1. e4 c5 2. Nf3 Nc6 3. Bc4 e6 4. O-O Nf6 5. Re1 Be7 6. e5 Nd5 7. Nc3 Nb6 8. Bf1
O-O 9. b3 f5 10. Bb2 a6 11. d4 cxd4 12. Nxd4 Qc7 13. Nf3 Nb4 14. a3 N4d5 15.
Nxd5 Nxd5 16. c4 Nf4 17. g3 Ng6 18. h4 b6 19. Bg2 Bb7 20. Qd3 f4 21. h5 Nh8 22.
g4 Nf7 23. Bd4 Nh6 24. Nh2 f3 25. Bh3 Nf7 26. Bf1 Ng5 27. b4 Rad8 28. Rad1 d6
29. Qc3 Ne4 30. Qb2 Bh4 31. Bd3 dxe5 32. Bxe5 Bxf2+ 33. Qxf2 Qxe5 34. Bxe4 Bxe4
35. Rxd8 Rxd8 36. Nxf3 Qf4 37. Nh2 Qe5 38. Nf3 Qf4 39. Nh2 Qxf2+ 40. Kxf2 Bd3
41. Rxe6 Bxc4 42. Rxb6 Rd2+ 43. Kg3 Rd3+ 44. Kf4 Rxa3 45. Nf3 h6 46. Ne5 Bd3 47.
Rd6 Bb1 48. Rd8+ Kh7 49. Nf7 g5+ 50. hxg6+ Kg7 51. Ne5 Ra4 52. Rd7+ Kf6 53. g7
Rxb4+ 54. Ke3 Bh7 55. Nc6 Rb6 56. Ne7 Re6+ 57. Kd4 Rxe7 58. Rd6+ Re6 59. Rd7 Bg8
60. Kd5 Re7+ 61. Kd6 Rxd7+ 62. Kxd7 Kxg7 0-1

[Event "Titled Tue 20th May Late"]
[Site "chess.com INT"]
[Date "2025.05.20"]
[Round "2"]
[White "Mazzilli, Piero"]
[Black "Claverie, Christophe"]
[Result "0-1"]
[WhiteTitle "FM"]
[BlackTitle "IM"]
[WhiteElo "2274"]
[BlackElo "2290"]
[WhiteFideId "807087"]
[BlackFideId "605514"]
[EventDate "2025.05.20"]

1. d4 Nf6 2. c4 g6 3. Nc3 Bg7 4. e4 d6 5. Nf3 O-O 6. Be2 Bg4 7. O-O Nfd7 8. Be3
Nc6 9. Qd2 a6 10. Rac1 Rb8 11. Rfd1 e6 12. h3 Bxf3 13. Bxf3 Na5 14. b3 b5 15. c5
dxc5 16. dxc5 Ne5 17. Be2 Nec6 18. b4 Nxb4 19. Qb2 Qe7 20. Qxb4 Nc6 21. Qb1 Rfd8
22. a3 Rxd1+ 23. Nxd1 Nd4 24. Bxd4 Bxd4 25. Qc2 c6 26. Ne3 Qg5 27. Nf1 h5 28.
Bf3 e5 29. Kh1 Re8 30. Rd1 Re6 31. Ng3 Rf6 32. Rxd4 exd4 33. Ne2 Qe5 34. Nc1 Re6
35. Nd3 Qg5 36. e5 Re8 37. Qb2 h4 38. Qxd4 Rd8 39. Qe3 Qxe3 40. fxe3 Rxd3 41.
Bxc6 Rxe3 42. Bb7 Rc3 43. c6 Rxa3 44. c7 Rc3 45. c8=Q+ Rxc8 46. Bxc8 b4 47. Bd7
b3 48. Ba4 b2 49. Bc2 a5 50. Bb1 a4 51. Kg1 f6 52. Kf2 fxe5 53. Ke3 Kf7 54. Ke4
Kf6 55. Ba2 a3 56. Bb1 Ke6 57. Ba2+ Kd6 58. Bb1 Ke6 59. Bc2 Kd6 60. Bd3 Kc5 61.
Bb1 Kc4 62. Kxe5 Kb3 63. Kf6 a2 0-1

[Event "Titled Tue 20th May Late"]
[Site "chess.com INT"]
[Date "2025.05.20"]
[Round "2"]
[White "Akkara, Omer"]
[Black "Donchenko, Alexander"]
[Result "0-1"]
[WhiteTitle "CM"]
[BlackTitle "GM"]
[WhiteElo "2036"]
[BlackElo "2615"]
[WhiteFideId "26319802"]
[BlackFideId "24603295"]
[EventDate "2025.05.20"]

1. e4 c6 2. d4 d5 3. exd5 cxd5 4. Nf3 Nc6 5. Bb5 Bg4 6. c4 Nf6 7. Nc3 e6 8. O-O
dxc4 9. h3 Bxf3 10. Qxf3 Rc8 11. Rd1 a6 12. Bxc4 Nxd4 13. Qxb7 Rxc4 14. Qxa6
Rxc3 15. Qa4+ Qd7 16. Qxd7+ Nxd7 17. bxc3 Ne2+ 18. Kf1 Nxc3 19. Rd3 Nd5 20. a4
Bc5 21. a5 Ke7 22. a6 Ra8 23. Ba3 Kd6 24. Bxc5+ Nxc5 25. Rda3 Ra7 26. Rb1 Rxa6
27. Rxa6+ Nxa6 28. Rb7 Nac7 29. Kg1 h5 30. Rb1 Ke7 31. Re1 g6 32. Ra1 Nb5 33.
Re1 Nd4 34. Kh2 Kf6 35. Ra1 Nf5 36. Ra4 Nc3 37. Rc4 Nd5 38. Ra4 Nd6 39. Ra3 Ne4
40. Rf3+ Ke7 41. Kg1 f5 42. Rd3 Kf6 43. Ra3 h4 44. Ra2 Ndc3 45. Rc2 Nd1 46. f3
Ng3 47. Rd2 Ne3 48. Rd3 Nd5 49. Rd2 Nf4 50. Rc2 Nge2+ 51. Kf2 Nd4 52. Rd2 e5 53.
Kf1 Ke6 54. Ra2 Kd5 55. Ra5+ Kc4 56. Ra6 Nc2 57. Rc6+ Kd3 58. Rd6+ Ke3 59. Rc6
Nd4 60. Rc3+ Nd3 61. Rc7 e4 62. fxe4 fxe4 63. Rf7 Nf5 64. Rf6 Nf4 65. Ra6 Ng3+
66. Kg1 Kd4 67. Kh2 e3 68. Rd6+ Ke5 69. Rd8 e2 70. Re8+ Ne6 71. Re7 Ne4 72. Re8
e1=Q 73. Rxe6+ Kxe6 74. g3 Qf2+ 75. Kh1 Nxg3# 0-1

[Event "Titled Tue 20th May Late"]
[Site "chess.com INT"]
[Date "2025.05.20"]
[Round "2"]
[White "Bernabeu Lopez, Carlos Javier"]
[Black "Mishra, Abhimanyu"]
[Result "0-1"]
[WhiteTitle "FM"]
[BlackTitle "GM"]
[WhiteElo "2402"]
[BlackElo "2605"]
[WhiteFideId "2235366"]
[BlackFideId "30920019"]
[EventDate "2025.05.20"]

1. e4 c5 2. Nf3 d6 3. Nc3 Nf6 4. e5 dxe5 5. Nxe5 a6 6. g3 Qd6 7. Nf3 b5 8. Bg2
Bb7 9. O-O e6 10. d3 Be7 11. a4 b4 12. Nb1 O-O 13. Bf4 Qd8 14. Bg5 h6 15. Bxf6
Bxf6 16. Qc1 Nc6 17. Nbd2 Na5 18. Ne4 Be7 19. b3 c4 20. bxc4 Bxe4 21. dxe4 Nxc4
22. Rd1 Qc7 23. Nd2 Na3 24. Nb3 Bf6 25. Ra2 Bc3 26. Qe3 Rfd8 27. Rxd8+ Rxd8 28.
Bf1 a5 29. Kg2 Nc4 30. Qc5 Qxc5 31. Nxc5 Nd6 32. Kf3 Ra8 33. Ke3 Kf8 34. f4 Ke7
35. e5 Nf5+ 36. Kf3 Rc8 37. Nb3 Nd4+ 38. Ke4 Nxb3 39. cxb3 Rd8 40. Bd3 g5 41.
Rc2 Rd4+ 42. Ke3 Rd8 43. Bc4 Rd1 44. Re2 g4 45. Bd3 h5 46. Ke4 Rf1 47. Ke3 Rf3+
48. Ke4 Rf1 49. Ke3 Rd1 50. Ke4 Kf8 51. Ke3 Kg7 52. Ke4 Rf1 53. Ke3 Bb2 54. Ke4
Bc3 55. Ke3 Rd1 56. Ke4 Rc1 57. Ke3 Ba1 58. Rf2 Rc5 59. Rc2 Rd5 60. Re2 Bd4+ 61.
Kd2 Bc3+ 62. Ke3 Bd4+ 63. Kd2 Bb6 64. Re4 Bg1 65. Re2 Rc5 66. Bc4 Bd4 67. Kc2
Rc8 68. Kd3 Bg1 69. Ke4 Rd8 70. f5 Rd4# 0-1

[Event "Titled Tue 20th May Late"]
[Site "chess.com INT"]
[Date "2025.05.20"]
[Round "2"]
[White "Eminov, Orkhan"]
[Black "Haug, Havard"]
[Result "0-1"]
[WhiteTitle "FM"]
[BlackTitle "FM"]
[WhiteElo "2239"]
[BlackElo "2354"]
[WhiteFideId "13402153"]
[BlackFideId "1547887"]
[EventDate "2025.05.20"]

1. e4 c6 2. Nf3 d5 3. exd5 cxd5 4. Ne5 Nc6 5. d4 e6 6. Bb5 Bd7 7. Nxd7 Qxd7 8.
O-O Bd6 9. c3 Nf6 10. Nd2 O-O 11. Re1 a6 12. Bf1 b5 13. Bd3 b4 14. Nf3 bxc3 15.
bxc3 Rac8 16. Ne5 Qc7 17. f4 Ne7 18. Bd2 a5 19. g4 Ng6 20. Qe2 Rfe8 21. g5 Nd7
22. Qh5 Ndf8 23. Qg4 Ba3 24. Rab1 Rb8 25. h4 Rxb1 26. Rxb1 Rb8 27. h5 Nxe5 28.
fxe5 Rxb1+ 29. Bxb1 g6 30. Qd1 Qc4 31. Kf2 Be7 32. hxg6 hxg6 33. Qb3 Qc7 34. Bd3
Qd8 35. c4 dxc4 36. Bxc4 Bxg5 37. Bxg5 Qxg5 38. Qc3 Qf4+ 39. Ke2 g5 40. Qxa5
Qe4+ 41. Kf1 Qxd4 42. Qb5 Ng6 43. Bd3 Nxe5 44. Be2 g4 45. Qb3 Ng6 46. Qg3 f5 47.
Qc7 Qf4+ 48. Qxf4 Nxf4 49. Bc4 Kf7 50. a4 Nd5 51. a5 Nb4 52. a6 Nc6 53. Bb5 Na7
54. Bc4 Kf6 55. Kf2 e5 56. Kg3 Kg5 57. Be6 e4 58. Bd5 f4+ 59. Kf2 Kf5 60. Bb7
Ke5 61. Bc8 g3+ 62. Kg2 Kd4 63. Bb7 Kd3 64. Ba8 e3 65. Kf3 e2 0-1

[Event "Titled Tue 20th May Late"]
[Site "chess.com INT"]
[Date "2025.05.20"]
[Round "2"]
[White "Bardyk, Artem"]
[Black "Martin Barcelo, Carles"]
[Result "1/2-1/2"]
[WhiteTitle "FM"]
[BlackTitle "FM"]
[WhiteElo "2284"]
[BlackElo "2290"]
[WhiteFideId "34349979"]
[BlackFideId "24561444"]
[EventDate "2025.05.20"]

1. e4 Nc6 2. Nf3 e5 3. Nc3 Nf6 4. h3 g6 5. d4 exd4 6. Nxd4 Bg7 7. Nxc6 bxc6 8.
Bd3 O-O 9. O-O Re8 10. Bg5 h6 11. Be3 d5 12. exd5 cxd5 13. Bb5 Bd7 14. Bxd7 Qxd7
15. Qd2 c6 16. Rad1 h5 17. Bh6 Ne4 18. Nxe4 Rxe4 19. Bxg7 Kxg7 20. Qd3 Rae8 21.
c4 d4 22. b4 Re2 23. a4 Ra2 24. Ra1 Rxa1 25. Rxa1 Qd6 26. Rd1 Kg8 27. c5 Qd5 28.
Kh2 Rd8 29. Re1 Qg5 30. Re4 h4 31. f4 Qg3+ 32. Qxg3 hxg3+ 33. Kxg3 d3 34. Re1
Rd4 35. Rd1 Rxb4 36. Rxd3 Rxa4 37. Rd6 Rc4 38. Rxc6 a5 39. Rc8+ Kg7 40. c6 a4
41. Ra8 Rxc6 42. Rxa4 Rc2 43. Ra3 Rb2 44. Kf3 Rb1 45. Rc3 Rb2 46. Rd3 Rc2 47.
Re3 Ra2 48. Kg3 Rb2 49. Rf3 Rc2 50. f5 Rc6 51. Kg4 Rc4+ 52. Rf4 Rc6 53. Kg5 f6+
54. Kg4 gxf5+ 55. Rxf5 Kg6 56. Rf3 Rc4+ 57. Kg3 Kg5 58. Ra3 f5 59. Kf3 Rb4 60.
g3 Rc4 61. h4+ Kg6 62. Ra6+ Kf7 63. Ra1 Kg7 64. Re1 Kf6 65. Rb1 Rc3+ 66. Kg2
Rc2+ 67. Kh3 Rc4 68. Rf1 Kg6 69. Kg2 Rc3 70. Re1 Rb3 71. Kf2 Kf6 72. Re3 Rb2+
73. Kf3 Rb4 74. Ra3 Rc4 75. Ra6+ Kg7 76. Rd6 Rb4 77. Ke3 Rg4 78. Kf3 Rb4 79. Rc6
Ra4 80. Rb6 Rc4 81. Rd6 Rb4 1/2-1/2

[Event "Titled Tue 20th May Late"]
[Site "chess.com INT"]
[Date "2025.05.20"]
[Round "2"]
[White "Vlassov, Nikolai"]
[Black "Medina Paz, Miguel"]
[Result "1-0"]
[WhiteTitle "IM"]
[BlackTitle "IM"]
[WhiteElo "2291"]
[BlackElo "2368"]
[WhiteFideId "4103360"]
[BlackFideId "7300379"]
[EventDate "2025.05.20"]

1. e4 c5 2. c3 Nf6 3. e5 Nd5 4. d4 cxd4 5. cxd4 Nc6 6. Nc3 Nxc3 7. bxc3 d6 8. f4
Bf5 9. Nf3 e6 10. Bd3 dxe5 11. Bxf5 exf5 12. fxe5 Be7 13. O-O O-O 14. d5 Bc5+
15. Kh1 Ne7 16. d6 Ng6 17. Qd5 b6 18. Nd4 Re8 19. Rxf5 Qd7 20. Rg5 Qxd6 21. Qxd6
Bxd6 22. e6 fxe6 23. Bd2 e5 24. Nb5 Bc5 25. Re1 Rad8 26. Bc1 Re7 27. g3 a6 28.
Na3 Red7 29. Kg2 Rd1 30. Kf1 Rxc1 31. Rxc1 Be3 32. Rxg6 Bxc1 33. Rxb6 Bxa3 34.
Rxa6 Bb2 35. c4 Rc8 36. Rb6 Bd4 37. Rb4 Ra8 38. a4 Bc3 39. Rb3 Bd4 40. Rb4 Kf7
41. Ke2 Ke6 42. Kd3 Kd6 43. Ke4 Kc5 44. Rb7 g6 45. Rxh7 Rxa4 46. Rc7+ Kd6 47.
Rg7 Rxc4 48. Rxg6+ Ke7 49. Kf5 Rc2 50. h4 Rf2+ 51. Ke4 Re2+ 52. Kd5 Bf2 53. h5
Be1 54. h6 Rh2 55. g4 Bg3 56. g5 Bf4 57. Rg7+ Kf8 58. Ke6 e4 59. Rf7+ Kg8 60.
Rxf4 e3 61. Kf6 e2 62. Re4 Kh7 63. Re7+ Kh8 64. Kg6 Rxh6+ 1-0

[Event "Titled Tue 20th May Late"]
[Site "chess.com INT"]
[Date "2025.05.20"]
[Round "2"]
[White "Yilmaz, Mustafa"]
[Black "Carlsson, Ludvig"]
[Result "1-0"]
[WhiteTitle "GM"]
[BlackTitle "IM"]
[WhiteElo "2586"]
[BlackElo "2374"]
[WhiteFideId "6302718"]
[BlackFideId "1727010"]
[EventDate "2025.05.20"]

1. d4 Nf6 2. c4 e6 3. Nf3 d5 4. Nc3 c5 5. cxd5 cxd4 6. Qxd4 exd5 7. Bg5 Be7 8.
e3 O-O 9. Be2 Nc6 10. Qd3 h6 11. Bh4 Qb6 12. O-O Qxb2 13. Rab1 Qa3 14. Bxf6 Bxf6
15. Nxd5 Qxd3 16. Nxf6+ gxf6 17. Bxd3 Rd8 18. Be4 Re8 19. Bxc6 bxc6 20. Rfc1 Be6
21. Rxc6 Bxa2 22. Ra1 Be6 23. Rca6 Re7 24. Nd4 Kg7 25. h3 Bc8 26. R6a5 a6 27.
Kh2 Re5 28. R5a3 Rc5 29. g4 Ra7 30. Ra5 Rxa5 31. Rxa5 Rc7 32. Kg3 Rc1 33. Ne2
Rb1 34. Rc5 Bd7 35. Nf4 Rb6 36. Rc7 Rd6 37. Ra7 Bc8 38. e4 Rb6 39. Nd5 Rb3+ 40.
f3 Bb7 41. Ne7 Bxe4 42. Kf4 Bd3 43. Nc6 Rc3 44. Nd8 Bc4 45. Rc7 Rc2 46. Ne6+ Kg6
47. Nd4 Rc1 48. Rc8 a5 49. Nb5 Rc2 50. Na3 Ra2 51. Nxc4 Rc2 52. Ke3 a4 53. Kd3
Rc1 54. Ra8 Rh1 55. Rxa4 Rxh3 56. Ke4 h5 57. Ne3 hxg4 58. fxg4 Rh4 59. Kf4 Rh2
60. Ra8 Rf2+ 61. Kg3 Rb2 62. Nf5 Kh7 63. Rf8 Rb3+ 64. Kh4 Kg6 65. Rg8+ Kh7 66.
Rg7+ Kh8 67. Rxf7 Rb6 68. Kh5 Ra6 69. Kg6 Kg8 70. Nh6+ 1-0

[Event "Titled Tue 20th May Late"]
[Site "chess.com INT"]
[Date "2025.05.20"]
[Round "2"]
[White "Brozynski, Patryk"]
[Black "Amburgy, Ryan"]
[Result "0-1"]
[BlackTitle "FM"]
[WhiteElo "2219"]
[BlackElo "2309"]
[WhiteFideId "2512700"]
[BlackFideId "30924820"]
[EventDate "2025.05.20"]

1. e4 e5 2. Nf3 Nc6 3. Bb5 a6 4. Bxc6 dxc6 5. O-O Qf6 6. Re1 Bg4 7. d3 Ne7 8.
Nbd2 Ng6 9. h3 Be6 10. Nf1 h6 11. c3 O-O-O 12. N1h2 Nf4 13. Bxf4 Qxf4 14. Qe2
Bc5 15. Rad1 Rhe8 16. d4 exd4 17. cxd4 Bb4 18. Qe3 Qxe3 19. Rxe3 f5 20. b3 fxe4
21. Rxe4 Bd5 22. Rxe8 Rxe8 23. Ne5 Bc3 24. Nhf3 b5 25. Rd3 b4 26. Rd1 Kb7 27.
Rc1 c5 28. Ng4 cxd4 29. Nfe5 Be4 30. Rd1 h5 31. f3 Bc2 32. Rc1 d3 33. Nxd3 Bxd3
34. Nf2 Bb5 35. Rd1 Re1+ 36. Rxe1 Bxe1 37. Ne4 Bc3 38. Kf2 h4 39. g3 Bd4+ 40.
Kg2 hxg3 41. Kxg3 Kc6 42. Kf4 Kd5 43. Kf5 Bd7+ 44. Kg6 Bxh3 45. Ng5 Bd7 46. f4
c5 47. Nf3 a5 48. f5 Ke4 49. Ng5+ Kf4 50. Nf7 Bxf5+ 51. Kh5 g6+ 52. Kh6 Bf6 53.
Nd6 g5 54. Nf7 g4 55. Nd6 Bg5+ 56. Kg7 g3 57. Nf7 g2 58. a3 g1=Q 59. axb4 Qd4+
60. Kf8 Bh6+ 61. Nxh6 Qd6+ 62. Kg7 Qg6+ 63. Kf8 Qxh6+ 64. Ke8 Qe6+ 65. Kf8 cxb4
66. Kg7 Qxb3 67. Kf6 Qe6+ 68. Kg7 Qg6+ 69. Kf8 Qf6+ 70. Ke8 Qe6+ 71. Kf8 Kg5 72.
Kg7 Qe7+ 73. Kh8 Qh7# 0-1

[Event "Titled Tue 20th May Late"]
[Site "chess.com INT"]
[Date "2025.05.20"]
[Round "2"]
[White "Wu, Derek"]
[Black "Daspres, Loic"]
[Result "1-0"]
[WhiteTitle "FM"]
[BlackTitle "CM"]
[WhiteElo "2232"]
[BlackElo "2207"]
[WhiteFideId "30914558"]
[BlackFideId "20612281"]
[EventDate "2025.05.20"]

1. d4 Nf6 2. c4 e6 3. Nf3 d5 4. g3 dxc4 5. Bg2 Nc6 6. Qa4 Rb8 7. Qxc4 Bb4+ 8.
Bd2 Qe7 9. O-O O-O 10. Nc3 Bxc3 11. Bxc3 Ne4 12. Be1 Nd6 13. Qc2 Nb5 14. e3 a6
15. Rc1 Nb4 16. Qc4 Nd5 17. e4 Nb6 18. Qc2 Rd8 19. Rd1 Nd6 20. Bb4 Qd7 21. Ne5
Qb5 22. a3 Ndc4 23. Nxc4 Qxc4 24. Qd2 Bd7 25. Rc1 Qa2 26. Rxc7 Bb5 27. Qf4 Rd7
28. Rfc1 Rbd8 29. Rxd7 Nxd7 30. Qc7 Re8 31. Bc3 Qb3 32. d5 Nf6 33. Bxf6 gxf6 34.
Qf4 Qxb2 35. Re1 Qe5 36. Qxe5 fxe5 37. Rc1 exd5 38. exd5 Rd8 39. Rc7 b6 40. Rb7
Rd6 41. Be4 Kg7 42. f4 exf4 43. gxf4 Kf6 44. Kf2 Bc4 45. Ke3 a5 46. Kd4 Ba2 47.
Rc7 h6 48. h4 Bb3 49. Rc8 a4 50. Rh8 Kg7 51. Rh7+ Kf8 52. h5 b5 53. Ke5 Rd7 54.
d6 b4 55. axb4 a3 56. Rh8+ Kg7 57. Ra8 a2 58. Bf5 Rd8 59. Ra5 Rb8 60. d7 Rxb4
61. d8=Q Rb5+ 62. Rxb5 a1=Q+ 63. Qd4 Qe1+ 64. Kd6+ Kf8 65. Rb8+ 1-0

[Event "Titled Tue 20th May Late"]
[Site "chess.com INT"]
[Date "2025.05.20"]
[Round "2"]
[White "Nalbandyan, Vahan"]
[Black "Karthikeyan, Murali"]
[Result "0-1"]
[WhiteTitle "CM"]
[BlackTitle "GM"]
[WhiteElo "2155"]
[BlackElo "2658"]
[WhiteFideId "13309439"]
[BlackFideId "5074452"]
[EventDate "2025.05.20"]

1. e4 c5 2. c3 Nf6 3. e5 Nd5 4. Bc4 e6 5. Nf3 d6 6. exd6 Bxd6 7. O-O Nc6 8. Re1
O-O 9. d4 cxd4 10. cxd4 b6 11. Bxd5 exd5 12. Nc3 h6 13. Ne5 Ne7 14. Bf4 Be6 15.
Qf3 Rc8 16. Rac1 a6 17. Red1 Nf5 18. h3 b5 19. g4 Nh4 20. Qe2 Re8 21. Bg3 Ng6
22. Nxg6 Bxg3 23. fxg3 fxg6 24. Qd3 Qg5 25. Ne2 Rxc1 26. Rxc1 h5 27. Nf4 Bf7 28.
gxh5 gxh5 29. h4 Qg4 30. Kf2 Re4 31. Re1 Rxf4+ 32. gxf4 Qxf4+ 33. Ke2 Qxh4 34.
Kd2 Qf4+ 35. Kc3 Qc7+ 36. Kd2 g6 37. Re5 Qd6 38. Qf3 Kg7 39. Qf4 Qb4+ 40. Ke3
Qxb2 41. Re7 Qc1+ 42. Kf3 Qf1+ 43. Kg3 Qxf4+ 44. Kxf4 Kf6 45. Ra7 g5+ 46. Kg3
Be6 47. Rxa6 h4+ 48. Kf3 g4+ 49. Kf4 g3 50. Ra8 g2 51. Rf8+ Bf7 52. Rb8 g1=Q 53.
Rb6+ Kg7 54. Ke5 Qg3+ 55. Kf5 Qf3+ 56. Ke5 Qe4+ 57. Kd6 Qxd4 58. Rxb5 Qf6+ 59.
Kc5 Qe7+ 60. Kd4 Qa7+ 0-1

[Event "Titled Tue 20th May Late"]
[Site "chess.com INT"]
[Date "2025.05.20"]
[Round "2"]
[White "Gazineu Neto, Rubens"]
[Black "Myagmarsuren, Evsuld"]
[Result "1-0"]
[BlackTitle "FM"]
[WhiteElo "1960"]
[BlackElo "2292"]
[WhiteFideId "2174685"]
[BlackFideId "1551639"]
[EventDate "2025.05.20"]

1. e4 c5 2. Nf3 d6 3. d4 cxd4 4. Nxd4 Nf6 5. Nc3 a6 6. Be3 e5 7. Nb3 Be6 8. Qd2
Ng4 9. Bg5 Qb6 10. h3 Nf6 11. O-O-O Nbd7 12. Be3 Qc7 13. g4 b5 14. g5 b4 15. Nd5
Nxd5 16. exd5 Bf5 17. Bd3 Bxd3 18. Qxd3 Be7 19. f4 a5 20. Kb1 a4 21. Nd2 O-O 22.
Ne4 b3 23. cxb3 axb3 24. a3 Qa5 25. f5 Rfc8 26. Rc1 f6 27. h4 Nb6 28. Bxb6 Qxb6
29. gxf6 Bxf6 30. Nxf6+ gxf6 31. Rhg1+ Kh8 32. Rxc8+ Rxc8 33. Qg3 Qb7 34. h5 Qf7
35. h6 Rg8 36. Qxg8+ Qxg8 37. Rxg8+ Kxg8 38. Kc1 Kf7 39. Kd2 Ke7 40. Kc3 Kd7 41.
Kxb3 Kc7 42. Kc4 Kb6 43. b4 Ka6 44. a4 Kb6 45. Kd3 Ka6 46. Kc3 Kb6 47. a5+ Kb5
48. Kb3 Ka6 49. Kc4 Kb7 50. Kb5 Ka7 51. Kc4 Ka6 52. Kb3 Kb5 53. Ka3 Ka6 54. Ka4
Ka7 55. b5 Kb7 56. Kb3 Ka7 57. Kc4 Kb7 58. b6 Ka6 59. Kb4 Kb7 60. Kb5 Kb8 61. a6
e4 62. Kc4 Ka8 63. Kd4 Kb8 64. Kxe4 Ka8 65. Kd4 Kb8 66. Kc4 Ka8 67. Kb5 Kb8 68.
Kc6 Ka8 69. Kxd6 Kb8 70. Ke6 Ka8 71. Kxf6 1-0